000 01615cam a2200481 4500
999 _c23585
_d23585
001 vtls012129594
005 20240710075937.0
008 220401s2022 xo g 010 f slo
020 _a9788055181691
_q(viazané)
040 _aZKSE
_bslo
_cZKSE
_dSNK
_erda
041 1 _aslo
_heng
044 _axo
_cSK
072 7 _a821.111-3
_xAnglická próza, anglicky písaná
_2konspekt
080 _a323.12"1939/1945"
_22011
080 _a(=411.16)
_22011
080 _a94(100)"1939/1945"
_22011
080 _a821.111(94)-31
_22011
080 _a(0:82-311.6)
_22011
100 1 _aRimmer, Kelly
_4aut
_93731
240 1 4 _aThe Warsaw Orphan
_lSlovensky
245 1 0 _aSirota z Varšavy
_cKelly Rimmerová ; preložila Lucia Lukáčová
246 1 _iObálkový podnázov:
_aVráti sa život, ako ho poznali?
264 1 _aBratislava
_bIkar
_c2022
300 _a374 strán
_c21 cm
336 _atext
_btxt
_2rdacontent
337 _abez média
_bn
_2rdamedia
338 _azväzok
_bnc
_2rdacarrier
500 _aPreložené z angličtiny
650 0 7 _aholokaust (1939-1945)
_2SNKPH
_91733
650 0 7 _aŽidia
_2SNKPH
_91732
650 0 7 _adruhá svetová vojna (1939-1945)
_2SNKPH
_91735
650 0 7 _aHolocaust (1939-1945)
_2SNKPHeng
_91738
650 0 7 _aJews
_2SNKPHeng
_91737
650 0 7 _aWorld War (1939-1945)
_2SNKPHeng
_91740
655 7 _aaustrálske romány
_2SNKPH
_91684
655 7 _avojnové romány
_2SNKPH
_93067
655 7 _aAustralian fiction
_2SNKPHeng
_91685
655 7 _aWar novels
_2SNKPHeng
_93068
700 1 _aLukáčová, Lucia
_4trl
_92602
958 _aLX
958 _aUP
958 _aZD